Paesi più vicini a Saint Lucia - Morte improvvisa - Statistics

Statistiche generali
  • Questo quiz è stato fatto 8 volte
  • Il punteggio medio è 5 su 15
Answers on the Grid
Answers color-coded by a green-red scale on the quiz's grid according to % correct below.
Saint Vincent e Grenadine
Dominica
Grenada
Barbados
Trinidad e Tobago
Antigua e Barbuda
Saint Kitts e Nevis
Guyana
Venezuela
Repubblica Dominicana
Haiti
Brasile
Suriname
Colombia
Bahamas
Stati Uniti
Cuba
Giamaica
Messico
Belize
Guatemala
El Salvador
Honduras
Nicaragua
Costa Rica
Panama
Ecuador
Bolivia
Perù
Paraguay
 
Statistiche sulle risposte
Risposta % Corretto
Haiti
57%
Repubblica Dominicana
57%
Saint Kitts e Nevis
57%
Antigua e Barbuda
43%
Bahamas
43%
Dominica
43%
Saint Vincent e Grenadine
43%
Trinidad e Tobago
43%
Barbados
29%
Grenada
29%
Guyana
14%
Brasile
0%
Colombia
0%
Suriname
0%
Venezuela
0%
Nessun quiz corrispondente trovato
Distribuzione punteggi
Percentuale di utenti per punteggio
Percentile per numero di risposta
I tuoi punteggi nel tempo
Non hai fatto questo quiz